Weakly differentiable functions : Sobolev spaces and functions of bounded variation /

Guardado en:
Autor Principal: Ziemer, William P.
Formato: Libro
Idioma:English
Publicado: New York : Springer-Verlag, c1989.
Series:Graduate texts in mathematics ; 120
Materias:
Acceso en línea:Publisher description
Etiquetas: Agregar Etiqueta
Sin Etiquetas, Sea el primero en etiquetar este registro!
LEADER 01076pam a2200253 a 4500
001 MAT.inmabb004998
008 890418s1989####nyu######b####001#0#eng##
005 20130305112711.0
245 1 0 |a Weakly differentiable functions :  |b Sobolev spaces and functions of bounded variation /  |c William P. Ziemer. 
260 |a New York :  |b Springer-Verlag,  |c c1989. 
300 |a xvi, 308 p. ;  |c 25 cm. 
440 0 |a Graduate texts in mathematics ;  |v 120 
504 |a Bibliografía: p. [283]-295. 
505 0 |a 1. Preliminaries -- 2. Sobolev spaces and their basic properties -- 3. Pointwise behavior of Sobolev functions -- 4. Poincaré inequalities: a unified approach -- 5. Functions of bounded variation. 
510 4 |a MR,  |c 91e:46046 
020 |a 0387970177 
100 1 |a Ziemer, William P. 
650 0 |a Sobolev spaces. 
650 0 |a Functions of bounded variation. 
084 |a 46E35  |2 msc2000 
010 |a  89010072  
040 |a DLC  |c DLC  |d DLC 
856 4 2 |3 Publisher description  |u http://www.loc.gov/catdir/enhancements/fy0815/89010072-d.html 
859 |h 46  |i Z66  |p A-6397  |b BIB. MATEMATICA